Oxford phrasal verbs dictionary for learners of english

Saved in:
Bibliografiske detaljer
Format: Bog
Sprog:engelsk
Udgivet: Oxford Oxford University 2001
Fag:
Tags: Tilføj Tag
Ingen Tags, Vær først til at tagge denne postø!

MARC

LEADER 00000nam a2200000 a 4500
001 UCL1995
003 CL-VaPUC
008 030926e20010000UK |||||||||||||||||eng|d
020 |a 0194315436 
082 0 4 |a 423  |b OXF  |2 21 
245 1 0 |a Oxford phrasal verbs dictionary for learners of english 
300 |a 378 p 
942 |c BK 
945 |d 20030926 00:00:00  |a cmena 
260 |a Oxford  |b Oxford University  |c 2001 
650 0 |a Diccionarios  |9 256200 
650 0 |a Inglés  |9 260023 
650 0 |a Educación lingüística  |9 306506 
650 0 |a Verbos  |9 310738 
583 |a last modification  |c 20030926 00:00:00  |k Rodrigo Vera 
999 |c 305419  |d 305417 
952 |0 0  |1 0  |4 0  |6 423_000000000000000_OXF_2001  |7 0  |8 X  |9 369289  |a BIBEDU  |b BIBEDU  |d 2019-11-21  |i 3947750  |o 423 OXF 2001  |p 3947750  |r 2023-01-13  |w 2019-11-21  |y BK_X  |k LIT